| 000 | 004900000a22001810004500 | ||
|---|---|---|---|
| 003 | MACL | ||
| 005 | 20151021115346.0 | ||
| 008 | 151021b xxu||||| |||| 00| 0 eng d | ||
| 040 |
_aMACL _cMACL |
||
| 041 | _aEnglish | ||
| 082 | _a954/TOM | ||
| 100 |
_aTomlinson, B.R. _916143 |
||
| 245 |
_aThe New Cambridge History Of India _bThe Economy of Modern India 1860-1970 |
||
| 260 |
_bCambridge Univercity _c1993 _aNew Delhi |
||
| 350 | _a695 | ||
| 650 |
_aHistory _916144 |
||
| 942 |
_cBK _k954 _2ddc |
||
| 999 |
_c2843 _d2843 |
||